Anfibios de Venezuela : (Registro nro. 8410)
[ vista simple ]
| 000 -CABECERA | |
|---|---|
| Campo de control | 01020nam a22002537a 4500 |
| 005 - FECHA Y HORA DE LA ULTIMA TRANSACCION | |
| Campo de control | 20140428162203.0 |
| 008 - ELEMENTOS DE LONGITUD FIJA—INFORMACION GENERAL | |
| Campo de control | 140428b2009 ve ||||| |||| 00| 0 spa d |
| 020 ## - ISBN | |
| ISBN | 9789807090087 |
| 041 0# - IDIOMA | |
| Código de idioma para texto/pista de sonido o título separado | Español |
| 044 ## - PAÍS DE PUBLICACIÓN | |
| País de publicación | Venezuela |
| 082 04 - NUMERO DE CLASIFICACION DECIMAL DEWEY | |
| Número de clasificación | 597.8 |
| Número del ítem | R48a |
| 245 00 - MENCION DE TITULO | |
| Título | Anfibios de Venezuela : |
| Parte restante del título | estado del conocimiento y recomendaciones para su conservación |
| Mención de responsabilidad | Anabel Rial ...[et al.] |
| 260 ## - PUBLICACION, DISTRIBUCION, ETC. (PIE DE IMPRENTA) | |
| Lugar de publicación, distribución, etc. | [Caracas, Venezuela] |
| Nombre del editor, distribuidor, etc. | Fundación La Salle de Ciencias Naturales |
| -- | Conservación Internacional |
| -- | Gol Reserve Inc. |
| Fecha de publicación, distribución, etc. | 2009. |
| 300 ## - DESCRIPCION FISICA | |
| Extensión | 130 p. |
| Otros detalles físicos | i., fotos, gráficas, fotos (col) |
| Dimensiones | 28 cm. |
| 504 ## - NOTA DE BIBLIOGRAFIA, ETC. | |
| Nota de bibliografía | Incluye referencias bibliográficas (p. 113-130). |
| 590 ## - NOTA LOCAL | |
| Nota local | Contiene manuscrito de donación de Carlos Lasso |
| 650 14 - ASIENTO SECUNDARIO DE MATERIA - TERMINO TEMATICO | |
| Término temático o nombre geográfico como elemento de entrada | Anfibios |
| Subdivisión general | Conservación |
| Subdivisión geográfica | Venezuela |
| 650 24 - ASIENTO SECUNDARIO DE MATERIA - TERMINO TEMATICO | |
| Término temático o nombre geográfico como elemento de entrada | Diversidad biológica |
| Subdivisión geográfica | Venezuela |
| 650 24 - ASIENTO SECUNDARIO DE MATERIA - TERMINO TEMATICO | |
| Término temático o nombre geográfico como elemento de entrada | Animales y plantas |
| Subdivisión geográfica | Venezuela |
| 650 24 - ASIENTO SECUNDARIO DE MATERIA - TERMINO TEMATICO | |
| Término temático o nombre geográfico como elemento de entrada | Zoogeografía |
| Subdivisión geográfica | Venezuela |
| 700 1# - ASIENTO SECUNDARIO - NOMBRE PERSONAL | |
| Nombre personal | Molina, César |
| Término de relación | ed. |
| 700 1# - ASIENTO SECUNDARIO - NOMBRE PERSONAL | |
| Nombre personal | Señaris, Josefa |
| 942 ## - ELEMENTOS ADICIONALES (KOHA) | |
| Sistema de clasificación | Dewey Decimal Classification |
| Tipo de ítem | Impreso |
| Withdrawn status | Lost status | Sistema de Clasificación | Damaged status | No para préstamo | Colección | Inventariado | Ubicación Permanente | Ubicación actual | Fecha de adquisición | Fuente de Valor | Valor | Total Checkouts | Número topográfico | Inventario / Código de Barras | Date last seen | Ejemplar | Price effective from | Forma de adquisición | Tipo de material |
|---|---|---|---|---|---|---|---|---|---|---|---|---|---|---|---|---|---|---|---|
| Dewey Decimal Classification | General | Inventariado 2017 | Bogotá | Bogotá | 28/04/2014 | Instituto | 39000.00 | LB-597.8 R48a | 038009 | 28/04/2014 | Ej. 1 | 28/04/2014 | Libro |